| 000 | 00526cam a22002171 4500 | ||
|---|---|---|---|
| 001 | sa 68003138 | ||
| 003 | DLC | ||
| 005 | 20260227112450.0 | ||
| 008 | 881028s1967 xx 000 0bhino | ||
| 010 | _asa 68003138 | ||
| 035 | _a(OCoLC)23573717 | ||
| 040 |
_aDLC _cMiU _dDLC |
||
| 042 | _apremarc | ||
| 050 | 0 | 0 |
_aPK531 _b.S2 |
| 100 | 1 | _aŚarmā, Dāmodaraprasāda. | |
| 245 | 1 | 0 | _aMahāmuni Patañjali. |
| 260 | _c[1967] | ||
| 300 |
_a236 p. _billus., ports. _c24 cm. |
||
| 500 | _aRomanized. | ||
| 600 | 0 | 0 | _aPatañjali |
| 999 |
_c79262 _d79262 |
||